LEADER 01406nam a2200493 i 4500
003 CtWfDGI
020 |a 085199685X 
040 |a CtWfDGI  |c CtWfDGI 
082 0 4 |a 633 
100 1 |a Hancock, James F., 
245 1 0 |a Plant evolution and the origin of crop species 
250 |a Second edition. 
260 |a UK  |b CAB International  |c 2004 
300 |a 1 online resource (x, 313 pages) : 
500 |a CAB International 
546 |a English 
650 0 |a Crops 
650 0 |a Crops 
650 0 |a Plants 
650 4 |a Horticultural Crops, (New March 2000) 
650 4 |a Field Crops, (New March 2000) 
650 4 |a Plant Breeding and Genetics. 
650 4 |a Taxonomy and Evolution. 
650 7 |a Centres of diversity. 
650 7 |a Cereals. 
650 7 |a Chromosomes. 
650 7 |a Crops. 
650 7 |a Cytology. 
650 7 |a Domestication. 
650 7 |a Duplication. 
650 7 |a Evolution. 
650 7 |a Fruit crops. 
650 7 |a Genetic variation. 
650 7 |a Genomes. 
650 7 |a Grain legumes. 
650 7 |a Oilseed plants. 
650 7 |a Polyploidy. 
650 7 |a Root crops. 
650 7 |a Speciation. 
650 7 |a Vegetables. 
856 4 0 |u http://dx.doi.org/10.1079/9780851996851.0000 
942 |2 ddc  |c EB 
999 |c 140510  |d 140510 
952 |0 0  |1 0  |2 ddc  |4 0  |6 633_000000000000000  |7 1  |8 EB  |9 156259  |a KAUCLV  |b KAUCLV  |c EB  |d 2017-07-24  |o 633  |p EB179  |r 2017-07-24  |w 2017-07-24  |y EB